Mám v posteli mrože /

Veselý příběh o klukovi Jáchymovi a jeho nové postýlce doprovázejí celostránkové ilustrace.

Hlavní autor: Flood, Ciara
Další autoři: Eliáš, Petr, 1986-
Jazyk: Čeština
Vydáno: V Praze : Albatros, 2021
Vydání: 1. vydání
Témata:
Fyzický popis: 29 nečíslovaných stran : barevné ilustrace ; 28 cm
Knihy
Uloženo v:
LEADER 02114cam a2200517 i 4500
001 nkc20213367943
003 CZ PrNK
005 20211206131947.0
007 ta
008 211020s2021 xr a a 000 j cze d
015 |a cnb003367943 
020 |a 978-80-00-06381-2  |q (vázáno) :  |c Kč 299,00 
035 |a (OCoLC)1288052848 
035 |a (OCoLC)1291384683 
040 |a CBA001  |b cze  |d ABG001  |e rda 
041 1 |a cze  |h eng 
072 7 |a 821.111-3  |x Anglická próza, anglicky psaná  |2 Konspekt  |9 25 
072 7 |a 821-93  |x Literatura pro děti a mládež (beletrie)  |2 Konspekt  |9 26 
080 |a 821.111-32  |2 MRF 
080 |a 821-93  |2 MRF 
080 |a (0:82-32)  |2 MRF 
100 1 |a Flood, Ciara  |7 xx0193020  |4 aut  |4 ill 
240 1 0 |a There's walrus in my bed!.  |l Česky 
245 1 0 |a Mám v posteli mrože /  |c Ciara Flood ; z anglického originálu There's walrus in my bed! přeložil Petr Eliáš 
250 |a 1. vydání 
264 1 |a V Praze :  |b Albatros,  |c 2021 
300 |a 29 nečíslovaných stran :  |b barevné ilustrace ;  |c 28 cm 
336 |a text  |b txt  |2 rdacontent 
336 |a statický obraz  |b sti  |2 rdacontent 
337 |a bez média  |b n  |2 rdamedia 
338 |a svazek  |b nc  |2 rdacarrier 
500 |a "Napsala a nakreslila Ciara Flood"--Tiráž 
520 2 |a Veselý příběh o klukovi Jáchymovi a jeho nové postýlce doprovázejí celostránkové ilustrace.  |b Jáchym by už opravdu moc rád šel spát, ale v jeho nové posteli se usadil velký mrož, kterému se zatím spát nechce. Maminka s tatínkem ale na mrože vůbec nevěří. 
521 8 |a Pro děti od 3 let 
655 7 |a anglické příběhy  |7 fd131813  |2 czenas 
655 7 |a publikace pro děti  |7 fd133156  |2 czenas 
655 9 |a English stories  |2 eczenas 
655 9 |a children's literature  |2 eczenas 
700 1 |a Eliáš, Petr,  |d 1986-  |7 xx0079819  |4 trl 
910 2 |a BOA001  |b 3-1477.606 
920 |a 4617378  |z ABG001 
928 9 |a Albatros Media - Albatros 
990 |a BK 
995 |a 01 
991 |b 202111  |c NOV 
996 6 |b 2610885964  |c 3-1477.606  |l MZK  |r Sklad / do 1 hodiny  |n 0  |p p.v.  |w 001869206  |u 000010  |a 1  |e BOA001  |j MZK50  |s P